<?xml version="1.0" encoding="UTF-8"?>
<record
    xmlns:xsi="http://www.w3.org/2001/XMLSchema-instance"
    xsi:schemaLocation="http://www.loc.gov/MARC21/slim http://www.loc.gov/standards/marcxml/schema/MARC21slim.xsd"
    xmlns="http://www.loc.gov/MARC21/slim">

  <leader>01032nam a2200253Ia 4500</leader>
  <controlfield tag="001">17964325</controlfield>
  <controlfield tag="003">AUA.1</controlfield>
  <controlfield tag="005">20260217211042.0</controlfield>
  <controlfield tag="008">260217r19881890cau           000 0 eng d</controlfield>
  <datafield tag="020" ind1=" " ind2=" ">
    <subfield code="a">0945460015</subfield>
  </datafield>
  <datafield tag="040" ind1=" " ind2=" ">
    <subfield code="a">NCU</subfield>
    <subfield code="c">NCU</subfield>
  </datafield>
  <datafield tag="050" ind1=" " ind2=" ">
    <subfield code="a">BX6122.R53</subfield>
    <subfield code="b">W34 1890</subfield>
  </datafield>
  <datafield tag="100" ind1="1" ind2=" ">
    <subfield code="a">Waggoner, E. J.</subfield>
    <subfield code="q">(Ellet Joseph),</subfield>
    <subfield code="d">1855-1916.</subfield>
    <subfield code="9">9214</subfield>
  </datafield>
  <datafield tag="245" ind1="1" ind2="0">
    <subfield code="a">Christ and His righteousness /</subfield>
    <subfield code="c">by E. J. Waggoner.</subfield>
  </datafield>
  <datafield tag="260" ind1=" " ind2=" ">
    <subfield code="a">Nashville, Tennessee :</subfield>
    <subfield code="b">Southern Publishing Association,</subfield>
    <subfield code="c">1972.</subfield>
  </datafield>
  <datafield tag="300" ind1=" " ind2=" ">
    <subfield code="a">96 p. ;</subfield>
    <subfield code="c">21 cm.</subfield>
  </datafield>
  <datafield tag="500" ind1=" " ind2=" ">
    <subfield code="a">Entered according to Act of Congress, in the year 1890, by Pacific Press Publishing Company, in the office of the Librarian of Congress, at Washington D. C.</subfield>
  </datafield>
  <datafield tag="500" ind1=" " ind2=" ">
    <subfield code="a">Facsimile reproductionprinted 1972 by Southern Publishing Association: Nashville, Tennessee</subfield>
  </datafield>
  <datafield tag="650" ind1=" " ind2=" ">
    <subfield code="a">Jesus Christ.</subfield>
    <subfield code="9">24770</subfield>
  </datafield>
  <datafield tag="650" ind1=" " ind2=" ">
    <subfield code="a">Righteousness</subfield>
    <subfield code="9">24771</subfield>
  </datafield>
  <datafield tag="650" ind1=" " ind2=" ">
    <subfield code="a">Righteousness by faith.</subfield>
    <subfield code="9">24772</subfield>
  </datafield>
  <datafield tag="650" ind1=" " ind2=" ">
    <subfield code="a">Seventh-day Adventists</subfield>
    <subfield code="9">24773</subfield>
  </datafield>
  <datafield tag="942" ind1=" " ind2=" ">
    <subfield code="2">lcc</subfield>
    <subfield code="c">BOOK</subfield>
    <subfield code="h">BX 6122 .R53</subfield>
    <subfield code="i">W34 1972</subfield>
  </datafield>
  <datafield tag="999" ind1=" " ind2=" ">
    <subfield code="c">25314</subfield>
    <subfield code="d">25314</subfield>
  </datafield>
  <datafield tag="952" ind1=" " ind2=" ">
    <subfield code="0">0</subfield>
    <subfield code="1">0</subfield>
    <subfield code="2">lcc</subfield>
    <subfield code="4">0</subfield>
    <subfield code="7">0</subfield>
    <subfield code="8">Books</subfield>
    <subfield code="a">AUA.1</subfield>
    <subfield code="b">AUA.1</subfield>
    <subfield code="c">GS</subfield>
    <subfield code="d">2012-08-22</subfield>
    <subfield code="e">Donation, Review &amp; Herald</subfield>
    <subfield code="g">10.00</subfield>
    <subfield code="h">AUA009727</subfield>
    <subfield code="l">10</subfield>
    <subfield code="m">4</subfield>
    <subfield code="o">BX 6122 .R53 W34 1972</subfield>
    <subfield code="p">AUA009727</subfield>
    <subfield code="r">2023-08-21 07:52:20</subfield>
    <subfield code="s">2023-07-21</subfield>
    <subfield code="v">10.00</subfield>
    <subfield code="w">2012-08-22</subfield>
    <subfield code="y">BOOK</subfield>
  </datafield>
</record>
